000 00638nam a22002057a 4500
005 20260306152412.0
010 _aENG-147875
020 _a9788199355705
_c395.00
035 _aEN-131407
035 _aEN-131407
037 _bDBAD
082 _a338.04
_21
100 _aJunnarkar Sushant
_988087
245 _aThe Entrepreneurial Rollercoaster
_cSushant Junnarkar
250 _a1
260 _aMaharastra
_bVishwakarma Publication
_c2025
270 _a34A/1';Suyog center'; 7th floor; Gultekadi Marketyard road;Giridhar bhavan Chowk;
_bPune
_e411037
300 _a259p.
_c21cm(pb)
942 _2ddc
_h338.04
_cEN
_mJUN
999 _c215344
_d215344